A word about ballet / (Record no. 2838)

MARC details
000 -LEADER
fixed length control field 01111cam a2200313 a 4500
005 - DATE AND TIME OF LATEST TRANSACTION
control field 20240116160720.0
020 ## - INTERNATIONAL STANDARD BOOK NUMBER
International Standard Book Number 087577910840
040 ## - CATALOGING SOURCE
Original cataloging agency JN4
Transcribing agency JN4
Modifying agency BTCTA
-- IUI
-- BAKER
-- DLC
Language of cataloging eng
050 00 - LIBRARY OF CONGRESS CALL NUMBER
Classification number GV1787.5
Item number 2005
082 ## - DEWEY DECIMAL CLASSIFICATION NUMBER
Classification number 792.8
100 1# - MAIN ENTRY--PERSONAL NAME
Personal name Gibbs, Lynne
245 12 - TITLE STATEMENT
Title A word about ballet /
Statement of responsibility, etc. by Lynn Gibbs ; illustrated by Shelagh McNicholas.
246 30 - VARYING FORM OF TITLE
Title proper/short title Ballet
250 ## - EDITION STATEMENT
Edition statement First Published in Great Britain in 2005 by Brimax
260 ## - PUBLICATION, DISTRIBUTION, ETC.
Place of publication, distribution, etc. Columbus,
Name of publisher, distributor, etc. Brighter Child,
Date of publication, distribution, etc. 2005
300 ## - PHYSICAL DESCRIPTION
Extent 24 unnumbered pages :
Other physical details color illustrations ;
Dimensions 22 cm.
490 ## - SERIES STATEMENT
Series statement A word about
500 ## - GENERAL NOTE
General note Originally published: Great Britain : Brimax, 2005.
505 ## - FORMATTED CONTENTS NOTE
Formatted contents note O <br/>
520 ## - SUMMARY, ETC.
Summary, etc. Find out all about ballet, from what it is, to what dancers wear, to what it takes to be part of a professional corps de ballet performance.
521 ## - TARGET AUDIENCE NOTE
Target audience note 600 <br/>
Source Lexile <br/>
521 ## - TARGET AUDIENCE NOTE
Target audience note O <br/>
Source Raz-Plus <br/>
650 #0 - SUBJECT ADDED ENTRY--TOPICAL TERM
Topical term or geographic name entry element Ballet
Form subdivision Juvenile literature.
650 #1 - SUBJECT ADDED ENTRY--TOPICAL TERM
Topical term or geographic name entry element Ballet.
700 1# - ADDED ENTRY--PERSONAL NAME
Personal name McNicholas, Shelagh
Relator term illustrator
906 ## - LOCAL DATA ELEMENT F, LDF (RLIN)
a 7
b cbc
c copycat
d 3
e ncip
f 20
g y-gencatlg
942 ## - ADDED ENTRY ELEMENTS (KOHA)
Source of classification or shelving scheme Dewey Decimal Classification
Koha item type Books
Suppress in OPAC No
999 ## -
-- 2838
-- 2838
Holdings
Withdrawn status Lost status Source of classification or shelving scheme Damaged status Not for loan Collection Home library Current library Shelving location Date acquired Total Checkouts Full call number Barcode Date last seen Date last checked out Price effective from Koha item type Copy number
    Dewey Decimal Classification     Non-Fiction Footprints International School Library Network Toul Kork Campus Footprints International School Library Network Toul Kork Campus   01/16/2024 1 GIB 729.8 GV1787.5 FISTK02610 04/08/2024 03/29/2024 01/16/2024 Books  
    Dewey Decimal Classification     Non-Fiction Footprints International School Library Network Toul Tom Poung Campus Footprints International School Library Network Toul Tom Poung Campus   10/22/2025   GIB 729.8 GV1787.5 FIS02747 10/22/2025   10/22/2025 Books 2